Guess the Fusion Rock Song Lyrics #352 - Statistics

General Stats
  • This quiz has been taken 14 times
  • The average score is 100 of 163
Answer Stats
Answer % Correct
I
100%
we
100%
be
92%
the
92%
you
92%
your
92%
For
85%
in
85%
love
85%
no
85%
too
85%
where
85%
with
85%
And
77%
and
77%
ever
77%
hear
77%
my
77%
if
69%
nothing
69%
Then
69%
There's
69%
there's
69%
gets
62%
I'll
62%
rather
62%
see
62%
that
62%
We'll
62%
world
62%
would
62%
going
54%
here
54%
Just
54%
Than
54%
together
54%
our
46%
should
46%
hard
38%
smile
31%
about
23%
call
23%
against
15%
apart
15%
backs
15%
fall
15%
stand
15%
still
15%
wall
15%
way
15%
along
8%
Brotherhood of Man
8%
Divided
8%
falls
8%
united
8%
No matching quizzes found
Score Distribution
Percent of People with Each Score
Percentile by Number Answered
Your Score History
You have not taken this quiz